000 00385nam a2200169Ia 4500
008 210210b1937 xxu||||| |||| 00| 0 eng d
041 _aeng
082 _a829/996
100 _aSHIELS (Edward)
245 _aGael over Galsgow
260 _aLondon
_bSheed and Ward
_c1937
650 _aover
650 _aGalsgow
650 _aGael
690 _aEnglish Fiction
906 _a017611
999 _c137595
_d137595